00425 2200169 4500001002100000005001500021035002000036007000300056008004100059020000600100082001200106084001600118245005200134250000600186260005100192300001200243INLIS00000000000219420260415034842 a0010-0426000025ta260415 g 0 ind  a- a636.085 a636.085 SNI aSNI 4227 : 2024 Bahan Pakan- Bungkil Inti Sawit a- aJakarta :bBadan Standardisasi Nasional,c2024 a13 hlm.